000 00584nam a22001697a 4500
003 OSt
005 20260409095902.0
008 260409b |||||||| |||| 00| 0 eng d
040 _cMRSPTU
041 _aEnglish
100 _aSimran Sidhu, Supervisor: Dr. Ankita Kataria
245 _aEffect of Processing on the Nutritional Characteristics and Functionality of Kodo Millet
260 _bDepartment of Food Science & Technology, MRSPTU, Bathinda
_c2023
650 _aFood Science & Technology
856 _uhttp://163.47.215.52:8080/jspui/handle/123456789/904
942 _2ddc
_cTH
_n0
999 _c11422
_d11422